|
|
|
|
| LEADER |
00957nam a22002297a 4500 |
| 001 |
37853 |
| 003 |
BD-DhAAL |
| 005 |
20220227133859.0 |
| 008 |
220227r2004 ii ||||| |||| 001 0 eng d |
| 999 |
|
|
|c 43600
|d 43600
|
| 040 |
|
|
|a BD-DhAAL
|
| 082 |
|
|
|a 423/.1
|2 19
|
| 245 |
|
|
|a Roget's international thesaurus /
|c by Peter Mark Roget.
|
| 250 |
|
|
|a Third edition
|
| 260 |
|
|
|a India :
|b Oxford & IBH Publishing,
|c 2004 [Reprinted]
|
| 300 |
|
|
|a xxII, 1256 pages :
|b port. ;
|c 23 cm.
|
| 500 |
|
|
|a Based on: Thesaurus of English words and phrases / by Peter Mark Roget.
Includes index.
|
| 541 |
|
|
|a Complimentary copy from BIED
|e 37854
|
| 650 |
|
|
|a English language
|x Synonyms and antonyms.
|9 46150
|
| 700 |
|
|
|a Roget, Peter Mark,
|d 1779-1869.
|9 46151
|
| 942 |
|
|
|2 ddc
|c BK
|
| 952 |
|
|
|0 0
|1 0
|2 ddc
|4 0
|6 423_100000000000000_ROG
|7 0
|9 69915
|a BRACUL
|b BRACUL
|c GEN
|d 2022-02-27
|f Compliment
|l 0
|o 423.1 ROG
|p 3010037853
|r 2022-02-27
|t 1
|w 2022-02-27
|y BK
|x Transferred from BIED to General Stacks
|